书目信息 |
| 题名: |
模糊数学方法及其应用
|
|
| 作者: | 谢季坚 , 刘承平 编 | |
| 分册: | ||
| 出版信息: | 武汉 华中科技大学出版社 2020.01 |
|
| 页数: | 254页 | |
| 开本: | 24cm | |
| 丛书名: | ||
| 单 册: | ||
| 中图分类: | O159 | |
| 科图分类: | ||
| 主题词: | 模糊数学--mo hu shu xue--高等教育--教材 , 模糊数学--mo hu shu xue | |
| 电子资源: | ||
| ISBN: | 978-7-5609-8671-5 | |
| 000 | 01035nam0 2200277 450 | |
| 001 | 0109110214 | |
| 005 | 20201109144750.82 | |
| 010 | @a978-7-5609-8671-5@dCNY38.80 | |
| 100 | @a20130614d2020 em y0chiy50 ea | |
| 101 | 0 | @achi |
| 102 | @aCN@b420000 | |
| 105 | @ay z 000yy | |
| 106 | @ar | |
| 200 | 1 | @a模糊数学方法及其应用@Amo hu shu xue fang fa ji qi ying yong@f谢季坚, 刘承平[编] |
| 205 | @a4版 | |
| 210 | @a武汉@c华中科技大学出版社@d2020.01 | |
| 215 | @a254页@d24cm | |
| 300 | @a普通高等教育“十二五”规划教材普通高等院校数学精品教材 | |
| 330 | @a本书讲述了模糊数学方法及其应用,主要内容包括模糊集合及其运算、模糊统计方法、模糊聚类分析、模糊模型识别、模糊决策(含层次分析法)、模糊线性规划、模糊控制以及它们在科学技术与经济管理中的应用等。 | |
| 606 | 0 | @a模糊数学@Amo hu shu xue@x高等教育@j教材 |
| 606 | 0 | @a模糊数学@Amo hu shu xue |
| 690 | @aO159@v5 | |
| 701 | 0 | @a谢季坚@Axie ji jian@4编 |
| 701 | 0 | @a刘承平@Aliu cheng ping@4编@f(1964.9~) |
| 801 | 0 | @aCN@bBJSZM@c20201103 |
| 905 | @b1240675-7@dO159@e123=4@f3 | |
| 模糊数学方法及其应用/谢季坚, 刘承平[编].-4版.-武汉:华中科技大学出版社,2020.01 |
| 254页;24cm |
| 普通高等教育“十二五”规划教材普通高等院校数学精品教材 |
| ISBN 978-7-5609-8671-5:CNY38.80 |
| 本书讲述了模糊数学方法及其应用,主要内容包括模糊集合及其运算、模糊统计方法、模糊聚类分析、模糊模型识别、模糊决策(含层次分析法)、模糊线性规划、模糊控制以及它们在科学技术与经济管理中的应用等。 |
| ● |
| 相关链接 |
|
|
|
|
正题名:模糊数学方法及其应用
索取号:O159/123=4
 
预约/预借
| 序号 | 登录号 | 条形码 | 馆藏地/架位号 | 状态 | 备注 |
| 1 | 1240675 | 212406751 | 第二样本阅览室/ [索取号:O159/123=4] | 在馆 | |
| 2 | 1240676 | 212406760 | 第三借阅区/ [索取号:O159/123=4] | 在馆 | |
| 3 | 1240677 | 212406779 | 第三借阅区/ [索取号:O159/123=4] | 在馆 |